| 000 | 00839nam a2200229Ii 4500 | ||
|---|---|---|---|
| 003 | JO-AjNU | ||
| 008 | 230605s9999||||xx |||||||||||||| ||und|| | ||
| 017 | _a2004/4/938 | ||
| 040 |
_aJO-AjNU _bara _erda _cJO-AjNU |
||
| 041 | _aara | ||
| 050 | 1 | 4 | _aRC341 H34.2004 |
| 100 | 3 |
_aإعداد عبدالكريم الحجاوي, _eauthor _931098 |
|
| 245 | 0 | 0 | _a موسوعة الطب النفسي |
| 250 | _aط1 | ||
| 264 | 3 | 1 | _aعمان: دار أسامة،2004 |
| 300 |
_a432ص _bيشتمل على المراجع والمصادر الببلوغرافية باللغة الأجنبية واللغة العربية ص( 417-418) |
||
| 336 |
_atext _btxt _2rdacontent |
||
| 337 |
_aunmediated _bn _2rdamedia |
||
| 338 |
_avolume _bnc _2rdacarrier |
||
| 490 | 0 | _aالموسوعة الطبية (1) | |
| 650 | 4 |
_aالطب النفسي _931099 |
|
| 999 |
_aA12402 _c15970 _d15970 |
||